| 000 | 00671cam a2200193 i 4500 | ||
|---|---|---|---|
| 005 | 20251217091956.0 | ||
| 008 | 250721r1999 ua gr 000 0 ara d | ||
| 082 | 1 | 4 |
_a216.933 / _bب ي ج |
| 100 | 1 |
_aبيجوفيتش، علي عزت _eمؤلف. |
|
| 245 | 1 | 2 |
_aالإعلان الإسلامي / _cتاليف علي عزت بيجوفيتش. |
| 250 | _aالطبعة الاولى. | ||
| 264 | 3 | 1 |
_aالقاهرة : _bدار الشروق، _c1999. |
| 300 | _a114صفحة. | ||
| 650 | 1 | 7 | _aالإعلام الإسلامي. |
| 650 | 1 | 7 | _aالإعلان التجاري. |
| 700 | 1 |
_aعدس، محمد يوسف _eترجمة. |
|
| 942 |
_2ddc _cBK |
||
| 999 |
_c17715 _d17715 |
||